How Contagion Works : (Record no. 179970)
[ view plain ]
| 000 -LEADER | |
|---|---|
| fixed length control field | 01750nam a22003731i 4500 |
| 003 - CONTROL NUMBER IDENTIFIER | |
| control field | OSt |
| 005 - DATE AND TIME OF LATEST TRANSACTION | |
| control field | 20201209150829.0 |
| 008 - FIXED-LENGTH DATA ELEMENTS--GENERAL INFORMATION | |
| fixed length control field | 201118t20202020enk |||gr|||| 000 0 eng d |
| 020 ## - INTERNATIONAL STANDARD BOOK NUMBER | |
| International Standard Book Number | 9781474619288 |
| Terms of availability | RM 21.45 |
| Qualifying information | paperback |
| 040 ## - CATALOGING SOURCE | |
| Original cataloging agency | PPAK |
| Language of cataloging | eng |
| Transcribing agency | PPAK |
| Description conventions | rda |
| 082 04 - DEWEY DECIMAL CLASSIFICATION NUMBER | |
| Edition number | 23 |
| Classification number | 614.4 |
| 090 00 - LOCALLY ASSIGNED LC-TYPE CALL NUMBER (OCLC); LOCAL CALL NUMBER (RLIN) | |
| Classification number (OCLC) (R) ; Classification number, CALL (RLIN) (NR) | 614.4 |
| Feature heading | GIO |
| Feature heading | G |
| 100 1# - MAIN ENTRY--PERSONAL NAME | |
| Personal name | Giordano, Paolo, |
| Dates associated with a name | 1982- |
| Relator term | author. |
| 245 1# - TITLE STATEMENT | |
| Title | How Contagion Works : |
| Remainder of title | Science, Awareness and Community in Times of Global Crises / |
| Statement of responsibility, etc. | Paolo Giordano ; Translated from the Italian by Alex Valente. |
| 264 #1 - PRODUCTION, PUBLICATION, DISTRIBUTION, MANUFACTURE, AND COPYRIGHT NOTICE | |
| Place of production, publication, distribution, manufacture | London : |
| Name of producer, publisher, distributor, manufacturer | Weidenfeld & Nicolson, |
| Date of production, publication, distribution, manufacture, or copyright notice | 2020. |
| Date of production, publication, distribution, manufacture, or copyright notice | ©2020. |
| 300 ## - PHYSICAL DESCRIPTION | |
| Extent | 68 pages ; |
| Dimensions | 18 cm |
| 336 ## - CONTENT TYPE | |
| Source | rdacontent |
| Content type term | text |
| 337 ## - MEDIA TYPE | |
| Source | rdamedia |
| Media type term | unmediated |
| 338 ## - CARRIER TYPE | |
| Source | rdacarrier |
| Carrier type term | volume |
| 500 ## - GENERAL NOTE | |
| General note | "The essay that helped change the Covid-19 debate" -- Cover. |
| 520 ## - SUMMARY, ETC. | |
| Summary, etc. | "The Covid-19 pandemic is the most significant health emergency of our time. Writing from Italy in lockdown, physicist and novelist Paolo Giordano explains how disease spreads in our interconnected world: why it matters, how it impacts us, how we must react. Expanding his focus to include other forms of contagion - from the environmental crisis to fake news and xenophobia - Giordano shows us not just how we got here but also how we can work together to create change." |
| Assigning source | Back cover. |
| 650 10 - SUBJECT ADDED ENTRY--TOPICAL TERM | |
| Topical term or geographic name entry element | Epidemics. |
| Topical term or geographic name entry element | Covid-19 |
| General subdivision | Infection. |
| Topical term or geographic name entry element | Covid-19 |
| General subdivision | Pandemic. |
| Topical term or geographic name entry element | Coronavirus infections. |
| Topical term or geographic name entry element | Contagion (Social psychology). |
| Topical term or geographic name entry element | Communicable diseases |
| General subdivision | Epidemiology. |
| Topical term or geographic name entry element | Communicable diseases |
| General subdivision | Transmission. |
| Topical term or geographic name entry element | Preventive health services. |
| Topical term or geographic name entry element | Social medicine. |
| 700 1# - ADDED ENTRY--PERSONAL NAME | |
| Personal name | Valente, Alex. |
| Relator term | translator. |
| 942 ## - ADDED ENTRY ELEMENTS (KOHA) | |
| Source of classification or shelving scheme | Dewey Decimal Classification |
| Koha item type | Book |
| Withdrawn | Not for loan | Current library | Shelving location | Date acquired | Full call number | Barcode | Date last seen | Koha item type |
|---|---|---|---|---|---|---|---|---|
| Perpustakaan Alor Setar | Pinjaman Dewasa | 09/12/2020 | 614.4 GIO | A01663172 | 09/12/2020 | Book | ||
| Perpustakaan Awam Sungai Petani | Pinjaman Dewasa | 09/12/2020 | 614.4 GIO | A01663173 | 09/12/2020 | Book | ||
| Perpustakaan Baling | Pinjaman Dewasa | 09/12/2020 | 614.4 GIO | A01663175 | 09/12/2020 | Book | ||
| Perpustakaan Bandar Baharu | Pinjaman Dewasa | 09/12/2020 | 614.4 GIO | A01663176 | 09/12/2020 | Book | ||
| Perpustakaan Kulim | Pinjaman Dewasa | 09/12/2020 | 614.4 GIO | A01663174 | 09/12/2020 | Book |